000 00359nab a22001097u 4500
008 130520b2003 xxu||||| |||| 00| 0 spa d
041 _aspa
100 1 _aPoulat, Émile
_911977
245 0 0 _aLa gran aventura del movimiento católico en Francia (siglos XIX-XX)
_cÉmile Poulat
773 0 _tConcilium
_gnº301,2003,págs. 67-78
_x0210-1041
_wRev134
942 _cAR
999 _c365037
_d365037